UM Logo

Media now : (Record no. 22487)

MARC details
000 -LEADER
fixed length control field 00791nam a22002177a 4500
005 - DATE AND TIME OF LATEST TRANSACTION
control field 20241017093545.0
008 - FIXED-LENGTH DATA ELEMENTS--GENERAL INFORMATION
fixed length control field 241011b |||||||| |||| 00| 0 eng d
020 ## - INTERNATIONAL STANDARD BOOK NUMBER
International Standard Book Number 9798214135625
082 ## - DEWEY DECIMAL CLASSIFICATION NUMBER
Classification number DC 302.23 St826 2025
100 ## - MAIN ENTRY--PERSONAL NAME
Personal name Straubhaar, Joseph.
9 (RLIN) 62783
245 ## - TITLE STATEMENT
Title Media now :
Remainder of title understanding media, culture, and technology /
Statement of responsibility, etc. Joseph Straubhaar, Robert LaRose, and Lucinda Davenport.
250 ## - EDITION STATEMENT
Edition statement Eleventh edition.
260 ## - PUBLICATION, DISTRIBUTION, ETC. (IMPRINT)
Place of publication, distribution, etc. USA :
Name of publisher, distributor, etc. Cengage,
Date of publication, distribution, etc. ©2025.
300 ## - PHYSICAL DESCRIPTION
Extent xxi, 618 pages :
Other physical details illustrations (some color) ;
Dimensions 27 cm.
500 ## - GENERAL NOTE
General note Includes glossary, references, and index.
650 #0 - SUBJECT ADDED ENTRY--TOPICAL TERM
Topical term or geographic name as entry element Mass media.
9 (RLIN) 11861
650 #0 - SUBJECT ADDED ENTRY--TOPICAL TERM
Topical term or geographic name as entry element Mass media and culture.
9 (RLIN) 63096
700 ## - ADDED ENTRY--PERSONAL NAME
Personal name LaRose, Robert.
9 (RLIN) 62786
Relator term author.
700 ## - ADDED ENTRY--PERSONAL NAME
Personal name Davenport, Lucinda.
9 (RLIN) 62787
Relator term author.
942 ## - ADDED ENTRY ELEMENTS (KOHA)
Source of classification or shelving scheme Dewey Decimal Classification
Koha item type Circulation
Holdings
Withdrawn status Lost status Source of classification or shelving scheme Damaged status Not for loan Collection code Home library Current library Date acquired Source of acquisition Cost, normal purchase price Total Checkouts Full call number Barcode Date last seen Price effective from Koha item type
    Dewey Decimal Classification     Circulation UM Digos College - LIC UM Digos College - LIC 08/20/2024 Purchased 9790.00   DC 302.23 St826 2025 28293 05/15/2025 10/11/2024 Circulation